[Event "HUN-ch U14"]
[Site "Budapest"]
[Date "2020.10.28"]
[Round "7"]
[White "Onodi, Tamas"]
[Black "Pasztor, Balazs"]
[Result "0-1"]
[WhiteElo "1918"]
[BlackElo "2201"]
[PlyCount "62"]
[EventDate "2020.10.24"]
[EventType "tourn"]
[EventRounds "9"]
[EventCountry "HUN"]
[SourceTitle "CBM 199 Extra"]
[Source "ChessBase"]
[SourceDate "2021.01.31"]
[SourceVersion "1"]
[SourceVersionDate "2021.01.31"]
[SourceQuality "1"]

1. d4 d5 2. Bf4 Nf6 3. e3 c5 4. Nf3 Nc6 5. c3 Qb6 6. Qc2 g6 7. Nbd2 Bg7 8. Be2 0-0 9. 0-0 Nh5 10. Bg5 h6 11. Bh4 Bf5 12. dxc5 Qxc5 13. Qb3 e5 14. Rfd1 g5 15. Bg3 Nxg3 16. hxg3 a5 17. Qa4 Qb6 18. Nb3 Be6 19. g4 Rfd8 20. c4 Nb4 21. c5 Qc7 22. a3 Nc6 23. Rd2 d4 24. exd4 e4 25. d5 Bxd5 26. Rxd5 Rxd5 27. Qxe4 Rad8 28. Re1 Ne5 29. Nxe5 Rxe5 30. Qc4 a4 31. Nc1 Rxc5 0-1

[Event "HUN-ch U14"]
[Site "Budapest"]
[Date "2020.10.27"]
[Round "5"]
[White "Onodi, Tamas"]
[Black "Bilku, Andras"]
[Result "1/2-1/2"]
[WhiteElo "1918"]
[BlackElo "1910"]
[PlyCount "103"]
[EventDate "2020.10.24"]
[EventType "tourn"]
[EventRounds "9"]
[EventCountry "HUN"]
[SourceTitle "CBM 199 Extra"]
[Source "ChessBase"]
[SourceDate "2021.01.31"]
[SourceVersion "1"]
[SourceVersionDate "2021.01.31"]
[SourceQuality "1"]

1. d4 Nf6 2. Nf3 d5 3. Bf4 c5 4. e3 Nc6 5. c3 Qb6 6. Qc2 g6 7. Nbd2 Bg7 8. Be2 0-0 9. 0-0 Bf5 10. dxc5 Qxc5 11. Qa4 Qb6 12. Qb3 Qxb3 13. axb3 Nd7 14. Nd4 Nxd4 15. exd4 a6 16. Ra5 Be6 17. Rfa1 Nb8 18. b4 Nc6 19. R5a3 Rac8 20. Nb3 Rcd8 21. Nc5 Bc8 22. Bc7 Rde8 23. Bf3 Na7 24. Be2 e5 25. Bf1 exd4 26. Bd6 dxc3 27. bxc3 d4 28. cxd4 Bxd4 29. Rd1 Nc6 30. Bxf8 Kxf8 31. Nb3 Bc3 32. b5 axb5 33. Bxb5 Be6 34. Nc5 Bg4 35. Rxc3 Bxd1 36. f3 Be2 37. Bxe2 Rxe2 38. Nxb7 Ne7 39. h3 Rb2 40. Nd6 Rb8 41. Kf2 Rd8 42. Ne4 Ng8 43. Kg3 h6 44. Kf4 Kg7 45. g4 Ne7 46. Kg3 Rd7 47. Nc5 Rd5 48. Nd3 Ra5 49. Rc7 Nd5 50. Rb7 Nf6 51. Nf4 Re5 52. Ra7 1/2-1/2

[Event "HUN-ch U14"]
[Site "Budapest"]
[Date "2020.10.25"]
[Round "3"]
[White "Onodi, Tamas"]
[Black "Palczert, Matyas"]
[Result "1/2-1/2"]
[WhiteElo "1918"]
[BlackElo "2132"]
[PlyCount "82"]
[EventDate "2020.10.24"]
[EventType "tourn"]
[EventRounds "9"]
[EventCountry "HUN"]
[SourceTitle "CBM 199 Extra"]
[Source "ChessBase"]
[SourceDate "2021.01.31"]
[SourceVersion "1"]
[SourceVersionDate "2021.01.31"]
[SourceQuality "1"]

1. d4 Nf6 2. Nf3 d5 3. Bf4 e6 4. e3 Bd6 5. Bg3 0-0 6. Bd3 c5 7. c3 b6 8. 0-0 Bb7 9. Nbd2 Qc7 10. Qb1 Bxg3 11. hxg3 Nbd7 12. e4 Nxe4 13. Nxe4 dxe4 14. Bxe4 Bxe4 15. Qxe4 cxd4 16. Nxd4 Nc5 17. Qf3 e5 18. Nf5 e4 19. Qe2 Qe5 20. g4 Rad8 21. Rad1 Nd3 22. Nd4 Nf4 23. Qe3 Nd5 24. Qe2 Rd6 25. Nf5 Nf4 26. Qe3 Rg6 27. Ne7+ Qxe7 28. Qxf4 Qe6 29. g5 Qxa2 30. Qxe4 Rxg5 31. Qe7 h6 32. Rfe1 Rd5 33. Rxd5 Qxd5 34. Qxa7 Qd2 35. Qa1 Rd8 36. Qc1 Qxc1 37. Rxc1 Rd2 38. b4 Rb2 39. Rd1 Rb3 40. Rd3 f5 41. g3 Kf7 1/2-1/2

[Event "HUN-ch U14"]
[Site "Balatonlelle"]
[Date "2019.06.24"]
[Round "5"]
[White "Pasztor, Balazs"]
[Black "Onodi, Tamas"]
[Result "1-0"]
[WhiteElo "2215"]
[BlackElo "1684"]
[PlyCount "58"]
[EventDate "2019.06.21"]
[EventType "swiss"]
[EventRounds "9"]
[EventCountry "HUN"]
[SourceTitle "CBM 191 Extra"]
[Source "ChessBase"]
[SourceDate "2019.09.30"]
[SourceVersion "1"]
[SourceVersionDate "2019.09.30"]
[SourceQuality "1"]

1. e4 c5 2. Nf3 Nc6 3. d4 cxd4 4. Nxd4 g6 5. c4 Nf6 6. Nc3 Nxd4 7. Qxd4 d6 8. Bg5 Bg7 9. f3 0-0 10. Qd2 Be6 11. b3 Qa5 12. Rc1 Rfc8 13. Be2 a6 14. Na4 Qxd2+ 15. Kxd2 Rc6 16. Nc3 h6 17. Be3 Nd7 18. Nd5 Bxd5 19. cxd5 Rcc8 20. b4 Bb2 21. Rc2 Rxc2+ 22. Kxc2 Bg7 23. Kb3 Rc8 24. Rc1 Rxc1 25. Bxc1 f5 26. exf5 gxf5 27. Bd3 f4 28. Bf5 Nf6 29. Bc8 Nxd5 1-0

[Event "HUN-ch U14"]
[Site "Balatonlelle"]
[Date "2019.06.21"]
[Round "1"]
[White "Onodi, Tamas"]
[Black "Borhy, Marcell Boldizsar"]
[Result "0-1"]
[WhiteElo "1684"]
[BlackElo "2374"]
[PlyCount "60"]
[EventDate "2019.06.21"]
[EventType "swiss"]
[EventRounds "9"]
[EventCountry "HUN"]
[SourceTitle "CBM 191 Extra"]
[Source "ChessBase"]
[SourceDate "2019.09.30"]
[SourceVersion "1"]
[SourceVersionDate "2019.09.30"]
[SourceQuality "1"]

1. d4 d5 2. Bf4 c5 3. e3 Nc6 4. Nf3 Nf6 5. c3 Qb6 6. Qc2 g6 7. Nbd2 Bf5 8. dxc5 Qxc5 9. Qb3 Na5 10. Qb5+ Qxb5 11. Bxb5+ Bd7 12. Bxd7+ Nxd7 13. 0-0 Bg7 14. Rfe1 0-0 15. e4 e5 16. Bg3 dxe4 17. Rxe4 f5 18. Re2 Nc6 19. Nc4 f4 20. Bh4 h6 21. Rd1 Nb6 22. Nxb6 axb6 23. Rd7 Rf7 24. Rxf7 Kxf7 25. b3 Re8 26. g4 e4 27. Nd2 g5 28. Nxe4 Kg6 29. Bxg5 hxg5 30. f3 Rd8 0-1